000 00481nam a2200169Ia 4500
008 230714s9999 xx 000 0 und d
020 _a9780000000000
041 _aeng
082 _a604.2
_bPAR
100 _aParthasarathy N.S.
_9199813
245 _aEngineering Drawing
260 _c2016
_bOxford University Press
300 _a692
365 _cRs.
_b499.00
700 _aParthasarathy N.S. & Murali V.
_9199814
906 _dO:0367805-Jan-2017B:517503-Jan-2017
_cBSH
_b1397.2
999 _c219559
_d219559